Buildings and Monuments by Picture - US History - Statistics

General Stats
  • This quiz has been taken 164 times
  • The average score is 7 of 15
Answer Stats
Picture Answer % Correct
Golden Gate Bridge
97%
Statue of Liberty
96%
Empire State Building
92%
Alcatraz
79%
Hoover Dam
79%
The Capitol
74%
Willis Tower
55%
Independence Hall
39%
Fort Sumter
29%
9-11 Memorial
21%
Plymouth
16%
Cape Canaveral
12%
Faneuil Hall
9%
USS Arizona Memorial
7%
Ford's Theatre
3%
No matching quizzes found
Score Distribution
Percent of People with Each Score
Percentile by Number Answered
Your Score History
You have not taken this quiz